000
00297nam a2200109Ia 4500
008
171204s9999 xx 000 0 und d
245
_a
SQL For Dummies:
245
_c
Allen G. Taylor
260
_c
2013
650
_x
ADVANCED DATABASE SYSTEM
856
_u
http://down.ebook777.com/060/1118607961.pdf
999
_c
347090
_d
347090